• 首页
  • 本馆介绍
  • 公告通知
  • 最新文献
  • 馆藏检索
  • 电子资源
  • 读者导购
  • 参考咨询
  • 我的图书馆
  • 登录
  • 详细信息显示
  • 放入我的书架
  • 预约/预借图书
  • 作者相关作品
  • 分类相关作品
  • 丛书相关作品
  • 出版社相关作品

书目信息

  • 表格格式
  • 工作单格式
  • 卡片格式
题名:
运动包扎
    
 
作者: 原田一志 ;李鸿江 译
分册:  
出版信息: 北京   人民体育出版社  2002
页数: 217
开本: 20cm
丛书名:
单 册:
中图分类: G873
科图分类:
主题词: 体育运动
电子资源:
ISBN: 7-5009-2302-3
000 00579nam0 2200193 450
001 0736480453
005 20070817100800.46
010    @a7-5009-2302-3@d¥25.00
100    @a20070817d km y0chiy0120 ea
101 0  @achi
200 1  @a运动包扎@Ayun dong bao zha@f(日)原田一志等@F(ri)yuan tian yi zhi deng@g李鸿江译@Gli hong jiang yi
210    @a北京@c人民体育出版社@d2002
215    @a217@d20cm
606 0  @a体育运动
690    @aG873@v3
701  0 @a原田一志@Ayuan tian yi zhi
702  0 @a李鸿江@Ali hong jiang@4译
801  0 @aCN@bPFT@c20070817
905    @a213230@dG873@et16@f1
    
    运动包扎/(日)原田一志等/李鸿江译.-北京:人民体育出版社,2002
    217;20cm
    
    
    ISBN 7-5009-2302-3:¥25.00
    
●
相关链接 在E读中查询图书 在五车中查询图书 在当当中查询图书 在豆瓣中查询图书


正题名:运动包扎     索取号:G873/t16         预约/预借

序号 登录号 条形码 馆藏地/架位号 状态 备注
1 6901598   269015987   密集书库-体育系/ [索取号:G873/t16] 在馆    
唐山师范学院图书馆 欢迎您!
大连网信软件有限公司© 版权所有